[Event "38th World U20 ch"]
[Site "Yerevan ARM"]
[Date "1999.09.28"]
[Round "11.20"]
[White "Arutunian, David"]
[Black "Berg, Emanuel"]
[Result "1/2-1/2"]
[WhiteElo "2318"]
[BlackElo "2348"]
[EventDate "1999.09.18"]
[PlyCount "81"]

1.e4 e6 2.d4 d5 3.Nc3 Bb4 4.e5 c5 5.a3 Bxc3+ 6.bxc3 Qc7 7.Nf3 b6 8.a4 Ba6 
9.Bxa6 Nxa6 10.Qd3 Nb8 11.O-O Ne7 12.Ba3 Nd7 13.c4 dxc4 14.Qxc4 O-O 15.a5 
Rfc8 16.axb6 axb6 17.Rfe1 h6 18.h3 Nd5 19.dxc5 Nxc5 20.Bxc5 Rxa1 21.Rxa1 
Qxc5 22.Qxc5 Rxc5 23.Ra2 g5 24.Rb2 Kg7 25.Nd2 Nf4 26.Rxb6 Rxc2 27.Rd6 Nd5 
28.Nf3 Rc1+ 29.Kh2 Rf1 30.Kg3 Nf4 31.Rd2 Rh1 32.h4 Kg6 33.hxg5 hxg5 34.Nd4
Rg1 35.Ne2 Nh5+ 36.Kf3 Re1 37.g4 Ng7 38.Rd8 Ra1 39.Nd4 Ra5 40.Ke4 f5+ 41.
exf6 1/2-1/2

[Event "38th World U20 ch"]
[Site "Yerevan ARM"]
[Date "1999.09.28"]
[Round "11.22"]
[White "Kidambi, Sundararajan"]
[Black "Atakisi, Umut"]
[Result "1/2-1/2"]
[WhiteElo "2334"]
[BlackElo "2238"]
[EventDate "1999.09.18"]
[PlyCount "110"]

1.d4 Nf6 2.Nf3 g6 3.c4 Bg7 4.Nc3 d5 5.Qb3 dxc4 6.Qxc4 O-O 7.e4 a6 8.Qb3 b5
9.e5 Nfd7 10.e6 fxe6 11.Be3 Nf6 12.a4 bxa4 13.Rxa4 Nc6 14.Bc4 Rb8 15.Bxe6+
Kh8 16.Qc4 Bxe6 17.Qxe6 Qd6 18.Ng5 Nd8 19.Qh3 Rxb2 20.O-O Qd7 21.Qxd7 Nxd7
22.Rxa6 Rc2 23.Nce4 Nf6 24.Nc5 Kg8 25.Ra7 Nd5 26.Nd7 Nc6 27.Nxf8 Nxa7 28.
Nfe6 Bf6 29.Ra1 Bxg5 30.Nxg5 Nb5 31.h4 Nd6 32.Ra8+ Kg7 33.Ne6+ Kf6 34.Nf4 
Nxe3 35.fxe3 Nf5 36.Rf8+ Kg7 37.Ne6+ Kh6 38.e4 Ne3 39.Kh2 Rxg2+ 40.Kh3 Rg4
41.Rf7 g5 42.hxg5+ Kg6 43.Rg7+ Kh5 44.Rxh7+ Kg6 45.Rg7+ Kh5 46.Rxe7 c6 47.
Nd8 Kxg5 48.Nxc6 Kf4 49.Rf7+ Kxe4 50.Re7+ Kd5 51.Rxe3 Rg6 52.Ne7+ Kxd4 53.
Nf5+ Kd5 54.Kh4 Re6 55.Ra3 Re1 1/2-1/2

[Event "38th World U20 ch"]
[Site "Yerevan ARM"]
[Date "1999.09.28"]
[Round "11.23"]
[White "Lipinsky, Fabian"]
[Black "Rizouk, Aimen"]
[Result "1-0"]
[WhiteElo "2331"]
[BlackElo "2312"]
[EventDate "1999.09.18"]
[PlyCount "82"]

1.d4 Nf6 2.c4 e6 3.Nc3 d5 4.cxd5 exd5 5.Bg5 Be7 6.e3 Nbd7 7.Bd3 Nf8 8.Nf3 
Ne6 9.Bh4 g6 10.O-O O-O 11.b4 c6 12.Qb3 a5 13.b5 c5 14.Be2 cxd4 15.Nxd4 
Nc5 16.Qb2 Qd6 17.Rfd1 Rd8 18.b6 Ng4 19.Bg3 Qf6 20.Bf3 Ne5 21.Bxd5 Ned3 
22.Qe2 Nb4 23.Bc4 Be6 24.Nxe6 Nxe6 25.Ne4 Qg7 26.Rac1 Rac8 27.a3 Nc6 28.
Qa2 Rxd1+ 29.Rxd1 Ncd8 30.h3 Qf8 31.Be5 Rc6 32.Rd7 Rxb6 33.Rxe7 Qxe7 34.
Nf6+ Kf8 35.Nxh7+ Kg8 36.Nf6+ Kf8 37.Nd5 Qc5 38.Nxb6 Qxb6 39.Qd2 Kg8 40.
Bf6 Qc7 41.Qd3 Qb6 1-0

[Event "38th World U20 ch"]
[Site "Yerevan ARM"]
[Date "1999.09.28"]
[Round "11.24"]
[White "Budnikov, Oleg"]
[Black "Pinter, Erik"]
[Result "1-0"]
[WhiteElo "2331"]
[BlackElo "2163"]
[EventDate "1999.09.18"]
[PlyCount "97"]

1.c4 Nf6 2.Nc3 g6 3.g3 Bg7 4.Bg2 O-O 5.e3 d6 6.Nge2 a6 7.O-O Nc6 8.Rb1 h5 
9.d4 Bd7 10.a4 Qc8 11.b4 Bh3 12.Qc2 Bxg2 13.Kxg2 a5 14.bxa5 Nxa5 15.Nb5 c6
16.Na3 d5 17.c5 Nd7 18.Bd2 e5 19.Bc3 exd4 20.Bxd4 Re8 21.Rfd1 Re7 22.Rb4 
Nf8 23.Bxg7 Kxg7 24.Nc3 f5 25.Ne2 Nd7 26.Qc3+ Kh7 27.Nf4 Qh8 28.Qc2 Ne5 
29.Rdb1 Qg7 30.Qb2 Rd8 31.Qd2 Rdd7 32.Nc2 Nac4 33.Qe2 Kh6 34.Nd4 Qf7 35.h3
g5 36.Nxh5 Qxh5 37.Nxf5+ Kg6 38.Nxe7+ Rxe7 39.Qxh5+ Kxh5 40.Rxb7 Rxb7 41.
Rxb7 Na5 42.Ra7 Nec4 43.Kf3 Nb3 44.Rc7 Nca5 45.Ra7 Nc4 46.Ke2 Nxc5 47.a5 
Nd6 48.a6 Nb5 49.Rh7+ 1-0

[Event "38th World U20 ch"]
[Site "Yerevan ARM"]
[Date "1999.09.28"]
[Round "11.25"]
[White "Benkovic, Petar"]
[Black "Leskiewicz, Maksymilian"]
[Result "1-0"]
[WhiteElo "2328"]
[BlackElo "2206"]
[EventDate "1999.09.18"]
[PlyCount "69"]

1.d4 d5 2.c4 c6 3.Nf3 e6 4.Qc2 dxc4 5.Qxc4 Nf6 6.Bg5 b5 7.Qc2 Bb7 8.e3 
Nbd7 9.Bd3 a6 10.Qe2 c5 11.O-O Be7 12.Nc3 O-O 13.Bc2 Rc8 14.dxc5 Rxc5 15.
e4 Qc7 16.Bd3 Bd6 17.h3 Bf4 18.Bxf4 Qxf4 19.Rfe1 Ne5 20.Nxe5 Rxe5 21.Qe3 
g5 22.Qd4 g4 23.Ne2 Rxe4 24.Bxe4 Qxe4 25.Qxe4 Bxe4 26.hxg4 Bd5 27.f3 b4 
28.Rec1 Kg7 29.Nf4 h6 30.Rc7 a5 31.Nd3 h5 32.g5 Ne8 33.Ra7 Kg6 34.Rxa5 
Kxg5 35.Nxb4 1-0

[Event "38th World U20 ch"]
[Site "Yerevan ARM"]
[Date "1999.09.28"]
[Round "11.26"]
[White "Aschenbrenner, Robert"]
[Black "Petrosian, Davit Gevorgi"]
[Result "1/2-1/2"]
[WhiteElo "2160"]
[BlackElo "2309"]
[EventDate "1999.09.18"]
[PlyCount "38"]

1.e4 e6 2.d4 d5 3.Nc3 Bb4 4.Bd2 dxe4 5.Qg4 Qxd4 6.O-O-O Nf6 7.Qxg7 Rg8 8.
Qh6 Rg6 9.Qh4 Rg4 10.Qh3 Qxf2 11.Be2 Qxg2 12.Bxg4 Qxg4 13.Qxg4 Nxg4 14.
Nxe4 Be7 15.Ne2 f5 16.Rhg1 Nd7 17.h3 Nge5 18.Ng5 Nf8 19.Bc3 Nc4 1/2-1/2

[Event "38th World U20 ch"]
[Site "Yerevan ARM"]
[Date "1999.09.28"]
[Round "11.27"]
[White "Peralta, Fernando"]
[Black "Guid, Matej"]
[Result "1-0"]
[WhiteElo "2433"]
[BlackElo "2185"]
[EventDate "1999.09.18"]
[PlyCount "83"]

1.d4 Nf6 2.c4 g6 3.Nc3 Bg7 4.e4 d6 5.Nf3 O-O 6.Be3 Ng4 7.Bg5 f6 8.Bh4 e5 
9.dxe5 dxe5 10.Qxd8 Rxd8 11.h3 g5 12.hxg4 gxh4 13.Rxh4 c6 14.Rd1 Rxd1+ 15.
Kxd1 Nd7 16.Nd2 Nf8 17.f3 Ne6 18.Nb3 b6 19.Rh1 Ba6 20.Kc2 Rd8 21.g3 Nd4+ 
22.Nxd4 Rxd4 23.b3 Bf8 24.Bd3 Bc8 25.Rd1 Bb4 26.Ne2 Rd6 27.a3 Bc5 28.b4 
Bd4 29.Nxd4 Rxd4 30.Kc3 Kf8 31.a4 a6 32.Rh1 Kg7 33.Rb1 Be6 34.Rh1 Bc8 35.
Rh4 c5 36.bxc5 bxc5 37.a5 Rd7 38.Rh1 Rb7 39.Bc2 Bd7 40.Rd1 Bc6 41.Rd8 Rb4 
42.Rc8 1-0

[Event "38th World U20 ch"]
[Site "Yerevan ARM"]
[Date "1999.09.28"]
[Round "11.29"]
[White "Krejci, Jakub"]
[Black "Bognar, Csaba"]
[Result "1-0"]
[WhiteElo "2221"]
[BlackElo "2237"]
[EventDate "1999.09.18"]
[PlyCount "72"]

1.e4 d6 2.d4 Nf6 3.Nc3 g6 4.Be3 c6 5.h3 Bg7 6.f4 O-O 7.Qf3 e5 8.O-O-O exf4
9.Bxf4 Nh5 10.Bh2 f5 11.exf5 Bh6+ 12.Kb1 Bxf5 13.Bd3 Na6 14.g4 Bxd3 15.
Qxd3 Nf4 16.Bxf4 Rxf4 17.Nge2 Rf7 18.h4 Qd7 19.g5 Bg7 20.h5 Qf5 21.Qd2 Re8
22.Ng3 Qf2 23.hxg6 hxg6 24.Qxf2 Rxf2 25.Nge4 Rf4 26.Nxd6 Re6 27.Nxb7 Rxd4 
28.Rxd4 Bxd4 29.Rd1 Bf2 30.Nd8 Re8 31.Na4 Bb6 32.Nxc6 Re6 33.Nd8 Re8 34.
Nc6 Re6 35.Nd8 Re8 36.Nb7 Bc7 {(... 88)} 1-0

[Event "38th World U20 ch"]
[Site "Yerevan ARM"]
[Date "1999.09.29"]
[Round "12.2"]
[White "Asrian, Karen"]
[Black "Kasimdzhanov, Rustam"]
[Result "0-1"]
[WhiteElo "2575"]
[BlackElo "2603"]
[EventDate "1999.09.18"]
[PlyCount "52"]

1.e4 g6 2.d4 Bg7 3.Nf3 d6 4.Nc3 Nf6 5.Be2 O-O 6.O-O c6 7.Re1 Qc7 8.Bf4 
Nbd7 9.e5 Nh5 10.Bg5 dxe5 11.Bxe7 Re8 12.d5 Qb6 13.Ba3 Nf4 14.Bc4 Nf6 15.
d6 Bg4 16.Ne4 Nxe4 17.Rxe4 Qd8 18.Bf1 Qf6 19.Re3 e4 20.Qe1 Nh3+ 21.Kh1 Bh6
22.Re2 Re6 23.gxh3 Bxf3+ 24.Bg2 Bxe2 25.Qxe2 Bf8 26.Bxe4 Bxd6 0-1

[Event "38th World U20 ch"]
[Site "Yerevan ARM"]
[Date "1999.09.29"]
[Round "12.4"]
[White "Blehm, Pawel"]
[Black "Halkias, Stelios"]
[Result "1-0"]
[WhiteElo "2479"]
[BlackElo "2406"]
[EventDate "1999.09.18"]
[PlyCount "77"]

1.e4 c5 2.Nf3 Nc6 3.d4 cxd4 4.Nxd4 Qc7 5.Nc3 e6 6.Be2 a6 7.Be3 Nf6 8.a3 
Nxd4 9.Bxd4 Bd6 10.Qd2 Bf4 11.Be3 Be5 12.Bd4 Bf4 13.Qd3 e5 14.Be3 Bxe3 15.
fxe3 b5 16.g4 O-O 17.g5 Ne8 18.O-O-O d6 19.h4 Be6 20.Kb1 Rc8 21.h5 Qc5 22.
Rhf1 b4 23.axb4 Qxb4 24.Nd5 Bxd5 25.Qxd5 Rc5 26.Qb3 Qxe4 27.Bd3 Qg4 28.g6 
Nf6 29.gxf7+ Kh8 30.h6 gxh6 31.Qb6 Ne4 32.Rg1 Qf3 33.Bxe4 Qxe4 34.Rg8+ 
Rxg8 35.fxg8=Q+ Kxg8 36.Qd8+ Kf7 37.Qd7+ Kg8 38.Rg1+ Kf8 39.Rf1+ 1-0

[Event "38th World U20 ch"]
[Site "Yerevan ARM"]
[Date "1999.09.29"]
[Round "12.5"]
[White "Zhang Pengxiang"]
[Black "Gershon, Alik"]
[Result "1/2-1/2"]
[WhiteElo "2462"]
[BlackElo "2492"]
[EventDate "1999.09.18"]
[PlyCount "89"]

1.e4 c5 2.Nf3 d6 3.d4 cxd4 4.Nxd4 Nf6 5.Nc3 Nc6 6.Bc4 Qb6 7.Nde2 e6 8.O-O 
Be7 9.Be3 Qc7 10.Ng3 a6 11.a4 O-O 12.Qe2 Bd7 13.f4 Rac8 14.Bd3 Na5 15.Bf2 
Nc4 16.Nd1 e5 17.fxe5 Nxe5 18.Ne3 g6 19.Kh1 Be6 20.Be1 Rfe8 21.Bc3 Nfd7 
22.Ngf5 Bf8 23.Qf2 Qd8 24.Qf4 f6 25.Nd4 Bf7 26.Nd5 Bg7 27.Rf2 f5 28.Ne3 
Nc5 29.Nexf5 gxf5 30.Nxf5 Bg6 31.Bc4+ Ne6 32.Bd5 Kh8 33.Qg3 Bxf5 34.exf5 
Nc5 35.f6 Bxf6 36.Qh3 Qe7 37.Raf1 Ncd7 38.Bxb7 Rc4 39.Bd5 Rh4 40.Qg3 Qg7 
41.Kg1 Rg4 42.Qh3 Rh4 43.Qg3 Rg4 44.Qh3 Rh4 45.Qg3 1/2-1/2

[Event "38th World U20 ch"]
[Site "Yerevan ARM"]
[Date "1999.09.29"]
[Round "12.6"]
[White "Bakhtadze, Giorgi"]
[Black "Pinski, Jan"]
[Result "1-0"]
[WhiteElo "2403"]
[BlackElo "2444"]
[EventDate "1999.09.18"]
[PlyCount "55"]

1.e4 e5 2.Nf3 Nc6 3.Bc4 Nf6 4.d3 Be7 5.O-O O-O 6.c3 d6 7.Bb3 Bg4 8.Nbd2 d5
9.exd5 Nxd5 10.Ne4 Kh8 11.Re1 f6 12.h3 Bh5 13.Ng3 Bf7 14.d4 exd4 15.Nxd4 
Nxd4 16.Qxd4 Re8 17.Nf5 Bf8 18.Rxe8 Qxe8 19.Bxd5 Rd8 20.Ne3 Bxd5 21.Nxd5 
Qe1+ 22.Kh2 c6 23.Qe3 Qf1 24.Nb4 Bd6+ 25.f4 Bxb4 26.cxb4 h6 27.Qg1 Qe2 28.
Be3 1-0

[Event "38th World U20 ch"]
[Site "Yerevan ARM"]
[Date "1999.09.29"]
[Round "12.7"]
[White "Vuckovic, Bojan"]
[Black "Iliushin, Alexei"]
[Result "1-0"]
[WhiteElo "2433"]
[BlackElo "2527"]
[EventDate "1999.09.18"]
[PlyCount "61"]

1.e4 c5 2.Nf3 e6 3.d4 cxd4 4.Nxd4 Nf6 5.Nc3 d6 6.Be2 Be7 7.O-O O-O 8.f4 
Nc6 9.Kh1 Bd7 10.Be3 a6 11.Qe1 Nxd4 12.Bxd4 Bc6 13.Qg3 g6 14.Bd3 b5 15.a3 
Qc7 16.f5 e5 17.Be3 Nh5 18.Qg4 Nf6 19.Qh3 Qb7 20.Bg5 h5 21.Qh4 Kg7 22.Rf3 
Bd8 23.Raf1 Nh7 24.f6+ Kh8 25.g4 Rg8 26.gxh5 gxh5 27.Rg1 Bb6 28.Qxh5 Qc8 
29.Rgg3 Rg6 30.Bh6 Rxg3 31.Rxg3 1-0

[Event "38th World U20 ch"]
[Site "Yerevan ARM"]
[Date "1999.09.29"]
[Round "12.8"]
[White "Svetuschin, Dumitru"]
[Black "Marcelin, Cyril"]
[Result "1-0"]
[WhiteElo "2486"]
[BlackElo "2395"]
[EventDate "1999.09.18"]
[PlyCount "74"]

1.e4 e5 2.Nf3 Nc6 3.Bc4 Bc5 4.c3 Nf6 5.d3 a6 6.O-O Ba7 7.h3 h6 8.Re1 O-O 
9.Nbd2 d6 10.Bb3 Nh5 11.Nf1 Qf6 12.Be3 Bxe3 13.fxe3 Qe7 14.g4 Nf6 15.Ng3 
Be6 16.d4 Bd7 17.Qe2 Nh7 18.Qg2 Kh8 19.Rf1 Na5 20.Rae1 Nxb3 21.axb3 g6 22.
Nd2 Qh4 23.Nf3 Qe7 24.Kh2 Rg8 25.Qd2 f6 26.Qe2 Rg7 27.Nd2 Rag8 28.Rg1 Bc8 
29.Ref1 h5 30.gxh5 Qd7 31.Qg2 gxh5 32.Nf3 Rxg3 33.Qxg3 Rxg3 34.Rxg3 Ng5 
35.Nxg5 fxg5 36.Rf5 Qe7 37.Rfxg5 Qf7 1-0

[Event "38th World U20 ch"]
[Site "Yerevan ARM"]
[Date "1999.09.29"]
[Round "12.9"]
[White "Chibukhchian, Artur"]
[Black "Pert, Nicholas"]
[Result "0-1"]
[WhiteElo "2413"]
[BlackElo "2425"]
[EventDate "1999.09.18"]
[PlyCount "132"]

1.d4 e6 2.Nf3 f5 3.Bf4 Nf6 4.e3 b6 5.Bd3 Bb7 6.Nbd2 Be7 7.c3 O-O 8.Qc2 c5 
9.h3 Nc6 10.dxc5 Bxc5 11.Bh2 Rc8 12.a3 d5 13.O-O Ne4 14.Rad1 Qe8 15.c4 Kh8
16.b4 Be7 17.Qb3 Nd8 18.Ne5 Nf7 19.Ndf3 Nfd6 20.cxd5 Bxd5 21.Qb2 Qh5 22.
Rc1 Bf6 23.Nd4 Ng5 24.Qe2 Qh6 25.f3 Rxc1 26.Rxc1 Ndf7 27.Nxf7+ Nxf7 28.Rc7
a5 29.bxa5 bxa5 30.Rc5 g6 31.Nc2 a4 32.Bc4 Rd8 33.Bxd5 Rxd5 34.Rxd5 exd5 
35.Qb5 d4 36.Qxa4 d3 37.Qe8+ Kg7 38.Nd4 Bxd4 39.exd4 Qc1+ 40.Kf2 f4 41.
Bxf4 Qxf4 42.Qe3 Qf5 43.a4 Qa5 44.Qxd3 Qxa4 45.Qe4 Qb4 46.h4 Qd6 47.g3 Kf6
48.Qe3 Nd8 49.Qg5+ Kg7 50.Ke3 Nf7 51.Qf4 Qxf4+ 52.Kxf4 Kf6 53.d5 Nd6 54.
Kg4 h5+ 55.Kf4 Nf5 56.g4 Nd6 57.Ke3 Ke5 58.f4+ Kxd5 59.f5 gxf5 60.gxh5 Nf7
61.Kf4 Ke6 62.h6 Nxh6 63.Kg5 Nf7+ 64.Kh5 Nh8 65.Kg5 Ke5 66.Kh6 f4 0-1

[Event "38th World U20 ch"]
[Site "Yerevan ARM"]
[Date "1999.09.29"]
[Round "12.12"]
[White "Perelshteyn, Eugene"]
[Black "Sargissian, Gabriel"]
[Result "1-0"]
[WhiteElo "2416"]
[BlackElo "2470"]
[EventDate "1999.09.18"]
[PlyCount "63"]

1.e4 c5 2.Nf3 d6 3.d4 cxd4 4.Nxd4 Nf6 5.Nc3 Nc6 6.f4 e6 7.Be3 Be7 8.Qf3 a6
9.O-O-O Qc7 10.g4 Nxd4 11.Bxd4 e5 12.fxe5 dxe5 13.Qg3 Bd6 14.Be3 Bxg4 15.
Rd3 Be7 16.Nd5 Nxd5 17.Rxd5 f5 18.h3 Bf6 19.hxg4 f4 20.Bxf4 exf4 21.Qb3 
Rd8 22.g5 Be7 23.g6 Rxd5 24.Qxd5 Qc5 25.Qf7+ Kd8 26.Bc4 Kc7 27.Qxg7 Qe3+ 
28.Kb1 Qxe4 29.Rc1 Re8 30.Bf7 Rf8 31.gxh7 Qf5 32.Bg8 1-0

[Event "38th World U20 ch"]
[Site "Yerevan ARM"]
[Date "1999.09.29"]
[Round "12.13"]
[White "Vajda, Levente"]
[Black "Jenni, Florian"]
[Result "1-0"]
[WhiteElo "2462"]
[BlackElo "2399"]
[EventDate "1999.09.18"]
[PlyCount "97"]

1.e4 e5 2.Nf3 Nc6 3.d4 exd4 4.Nxd4 Nf6 5.Nxc6 bxc6 6.e5 Qe7 7.Qe2 Nd5 8.c4
Ba6 9.b3 O-O-O 10.g3 f6 11.Bg2 fxe5 12.O-O e4 13.Qxe4 Qxe4 14.Bxe4 Nf6 15.
Bf5 Bc5 16.Bb2 Kb8 17.Nd2 d5 18.Rab1 Rhf8 19.b4 Bd6 20.b5 cxb5 21.cxb5 Bb7
22.Nb3 g6 23.Bh3 Ne4 24.Bg2 Rde8 25.Bd4 Be5 26.Bc5 Rf7 27.Bxe4 dxe4 28.Be3
Bd6 29.Rfc1 Bd5 30.Na5 Rf5 31.Rc2 Ka8 32.a4 Rb8 33.Nc6 Rb7 34.Na5 Rb8 35.
Rd2 Be6 36.Nc6 Rbf8 37.Bxa7 Bd5 38.Be3 Bxc6 39.bxc6 Ra5 40.Rd4 Re8 41.Rb5 
Ra6 42.Rc4 Re6 43.Rb7 h5 44.h4 Be5 45.Rcb4 Re8 46.Rxe4 Rxc6 47.Ra7+ Kb8 
48.Rb4+ Kc8 49.Ra8+ 1-0

[Event "38th World U20 ch"]
[Site "Yerevan ARM"]
[Date "1999.09.29"]
[Round "12.15"]
[White "Mchedlishvili, Mikheil"]
[Black "Khamrakulov, Ibragim"]
[Result "1/2-1/2"]
[WhiteElo "2441"]
[BlackElo "2383"]
[EventDate "1999.09.18"]
[PlyCount "50"]

1.Nf3 g6 2.e4 Nf6 3.e5 Nd5 4.c4 Nb6 5.c5 Nd5 6.Nc3 e6 7.Ne4 f5 8.exf6 Nxf6
9.Nxf6+ Qxf6 10.d4 Bg7 11.Bg5 Qf5 12.Rc1 O-O 13.Be3 b6 14.Bd3 Qg4 15.O-O 
Bb7 16.h3 Qh5 17.Be2 Qd5 18.a3 Nc6 19.Bc4 Qf5 20.Bd3 Qd5 21.cxb6 cxb6 22.
Re1 Rac8 23.Bc4 Qf5 24.Bd3 Qd5 25.Bc4 Qf5 1/2-1/2

[Event "38th World U20 ch"]
[Site "Yerevan ARM"]
[Date "1999.09.29"]
[Round "12.17"]
[White "Dovramadiev, Tikhomir"]
[Black "Dervishi, Erald"]
[Result "0-1"]
[WhiteElo "2254"]
[BlackElo "2496"]
[EventDate "1999.09.18"]
[PlyCount "76"]

1.Nf3 Nf6 2.g3 e6 3.Bg2 d5 4.d3 Be7 5.O-O O-O 6.Nbd2 c5 7.e4 Nc6 8.Re1 Qc7
9.c3 Rd8 10.e5 Nd7 11.Qe2 b5 12.Nf1 Bb7 13.h4 d4 14.Bf4 Nb6 15.Rac1 dxc3 
16.bxc3 c4 17.d4 b4 18.Red1 bxc3 19.Rxc3 Nd5 20.Rc2 c3 21.Bg5 Ncb4 22.Bxe7
Qxe7 23.Rcc1 c2 24.Rxc2 Nxc2 25.Qxc2 Rac8 26.Qd2 Nc3 27.Re1 Qb4 28.N1h2 h6
29.h5 Bxf3 30.Nxf3 Qa4 31.Bf1 Nxa2 32.Ra1 Rc2 33.Qd1 Qc6 34.Qb1 Nc1 35.Ne1
Ne2+ 36.Bxe2 Rxe2 37.Rxa7 Qc3 38.Kf1 Rxf2+ 0-1

[Event "38th World U20 ch"]
[Site "Yerevan ARM"]
[Date "1999.09.29"]
[Round "12.18"]
[White "Berg, Emanuel"]
[Black "Benkovic, Petar"]
[Result "1-0"]
[WhiteElo "2348"]
[BlackElo "2328"]
[EventDate "1999.09.18"]
[PlyCount "43"]

1.e4 c5 2.Nf3 Nc6 3.d4 cxd4 4.Nxd4 Nf6 5.Nc3 d6 6.Be3 e6 7.f4 Be7 8.Qf3 e5
9.Nf5 Bxf5 10.exf5 Qa5 11.Bd2 O-O 12.Bc4 Nd4 13.Qd3 Qc5 14.Bb3 Rfe8 15.
O-O-O Nxb3+ 16.axb3 Rac8 17.Kb1 Bf8 18.Rhe1 a6 19.h3 e4 20.Nxe4 Nxe4 21.
Rxe4 Qxf5 22.Rxe8 1-0

[Event "38th World U20 ch"]
[Site "Yerevan ARM"]
[Date "1999.09.29"]
[Round "12.19"]
[White "Jakupovic, Neven"]
[Black "Lipinsky, Fabian"]
[Result "0-1"]
[WhiteElo "2263"]
[BlackElo "2331"]
[EventDate "1999.09.18"]
[PlyCount "58"]

1.e4 c5 2.Nf3 d6 3.d4 cxd4 4.Qxd4 Nc6 5.Bb5 Bd7 6.Bxc6 Bxc6 7.Bg5 h6 8.Bh4
e5 9.Qd3 Be7 10.Bxe7 Qxe7 11.Nc3 Nf6 12.O-O-O Rd8 13.Rhe1 O-O 14.Kb1 a6 
15.Qf1 b5 16.Re3 Qb7 17.Qe1 b4 18.Nd5 Bxd5 19.exd5 Nxd5 20.Rb3 a5 21.Ka1 
Nf4 22.a3 Nxg2 23.Qe2 Nf4 24.Qe3 Qc6 25.c3 a4 26.Rxb4 Nd5 27.Rxd5 Qxd5 28.
Rg4 Qd1+ 29.Ka2 Rb8 0-1

[Event "38th World U20 ch"]
[Site "Yerevan ARM"]
[Date "1999.09.29"]
[Round "12.21"]
[White "Peralta, Fernando"]
[Black "Arutunian, David"]
[Result "1-0"]
[WhiteElo "2433"]
[BlackElo "2318"]
[EventDate "1999.09.18"]
[PlyCount "77"]

1.d4 d5 2.c4 c6 3.cxd5 cxd5 4.Nc3 Nf6 5.Bf4 Nc6 6.e3 e6 7.Bd3 Be7 8.h3 O-O
9.Nf3 a6 10.O-O b5 11.Qe2 Bb7 12.Rfc1 Rc8 13.Ne5 Nxe5 14.Bxe5 Nd7 15.Bf4 
Nb6 16.a4 b4 17.Nd1 Rxc1 18.Rxc1 Qa8 19.b3 Rc8 20.Rc7 Rxc7 21.Bxc7 Nd7 22.
Qc2 h6 23.Ba5 Nb8 24.Nb2 Nc6 25.Bb6 Bd8 26.Bxd8 Nxd8 27.Qc5 Nc6 28.Bf1 a5 
29.Bb5 Qa7 30.Qd6 Qb8 31.Qd7 Na7 32.Nd3 Qc8 33.Qe7 Nc6 34.Qc5 Qa8 35.Qb6 
Qa7 36.Qc7 Qb8 37.Qd7 Nd8 38.Nc5 Kh7 39.Bd3+ 1-0

[Event "38th World U20 ch"]
[Site "Yerevan ARM"]
[Date "1999.09.29"]
[Round "12.24"]
[White "Aschenbrenner, Robert"]
[Black "Mallahi, Amir"]
[Result "0-1"]
[WhiteElo "2160"]
[BlackElo "2317"]
[EventDate "1999.09.18"]
[PlyCount "52"]

1.e4 c5 2.Nf3 Nc6 3.d4 cxd4 4.Nxd4 Nf6 5.Nc3 e5 6.Ndb5 d6 7.Nd5 Nxd5 8.
exd5 Nb8 9.a4 Be7 10.Be2 O-O 11.O-O f5 12.f4 Bf6 13.c3 a6 14.Na3 Nd7 15.
Nc4 exf4 16.Bxf4 Ne5 17.Bxe5 Bxe5 18.Nxe5 dxe5 19.Qb3 e4 20.c4 f4 21.c5 
Kh8 22.Qc4 f3 23.gxf3 Bh3 24.Rf2 Qg5+ 25.Kh1 Qe3 26.Bf1 Qxf2 0-1

[Event "38th World U20 ch"]
[Site "Yerevan ARM"]
[Date "1999.09.29"]
[Round "12.26"]
[White "Rizouk, Aimen"]
[Black "Kidambi, Sundararajan"]
[Result "0-1"]
[WhiteElo "2312"]
[BlackElo "2334"]
[EventDate "1999.09.18"]
[PlyCount "116"]

1.e4 c5 2.c3 d5 3.exd5 Qxd5 4.d4 Nf6 5.Nf3 Nc6 6.Be2 e6 7.O-O cxd4 8.cxd4 
Be7 9.Nc3 Qd6 10.Nb5 Qd8 11.Bf4 Nd5 12.Bg3 a6 13.Nc3 O-O 14.Rc1 Nf6 15.Bh4
b6 16.a3 Bb7 17.Bd3 Rc8 18.Bb1 Nd5 19.Bxe7 Ncxe7 20.Qd2 Nxc3 21.bxc3 Bxf3 
22.Qd3 g6 23.Qxf3 b5 24.h4 Qd6 25.a4 bxa4 26.h5 Kg7 27.Be4 Rc7 28.g3 Rfc8 
29.Rfd1 f5 30.Bb1 Nd5 31.c4 Rxc4 32.Rxc4 Rxc4 33.Ba2 Rc3 34.Qe2 Rc6 35.
Bxd5 Qxd5 36.Qe3 Rd6 37.h6+ Kf7 38.Qa3 Qc6 39.Qa1 Rd5 40.Rc1 Qd6 41.Rc8 
Rxd4 42.Qc3 g5 43.Qf3 Qd5 44.Qh5+ Kf6 45.Rc1 Qd7 46.Rf1 Qf7 47.Qe2 Kg6 48.
Qxa6 Qd7 49.Qa8 Kxh6 50.Qf8+ Kh5 51.Kg2 Qd5+ 52.Kh2 Rd2 53.Qf7+ Kg4 54.
Qxh7 Kf3 55.Qh5+ g4 56.Qh6 Qd4 57.Kh1 Rxf2 58.Re1 Qd2 0-1

[Event "38th World U20 ch"]
[Site "Yerevan ARM"]
[Date "1999.09.29"]
[Round "12.27"]
[White "Hansen, Torbjorn Ringdal"]
[Black "Starostits, Ilmars"]
[Result "0-1"]
[WhiteElo "2259"]
[BlackElo "2358"]
[EventDate "1999.09.18"]
[PlyCount "82"]

1.c4 e6 2.g3 d5 3.Bg2 Nf6 4.Nf3 dxc4 5.Qa4+ Nbd7 6.Qxc4 a6 7.Qc2 Bd6 8.O-O
O-O 9.Nc3 Rb8 10.d4 b5 11.a3 Bb7 12.e4 e5 13.Rd1 Qe7 14.Nh4 g6 15.d5 Kg7 
16.b4 Nb6 17.Bf1 Bc8 18.Be3 Nh5 19.Qd2 Kh8 20.Be2 Nf4 21.gxf4 Qxh4 22.fxe5
Bxe5 23.f4 Bg7 24.e5 g5 25.Rac1 gxf4 26.Bxf4 Rg8 27.Kh1 Nc4 28.Qd4 Bh3 29.
Rg1 Bh6 30.e6+ Bg7 31.Rxg7 Rxg7 32.Be5 Qxd4 33.Bxd4 fxe6 34.Bxc4 bxc4 35.
Rg1 Rg8 36.Rg3 Bf5 37.dxe6 Bxe6 38.Ne2 h6 39.Nf4 Bf7 40.Ng6+ Bxg6 41.Rxg6 
Kh7 0-1

[Event "38th World U20 ch"]
[Site "Yerevan ARM"]
[Date "1999.09.29"]
[Round "12.28"]
[White "Petrosian, Davit Gevorgi"]
[Black "Leskiewicz, Maksymilian"]
[Result "1/2-1/2"]
[WhiteElo "2309"]
[BlackElo "2206"]
[EventDate "1999.09.18"]
[PlyCount "96"]

1.e4 c5 2.Nf3 d6 3.d4 cxd4 4.Nxd4 Nf6 5.Nc3 a6 6.Bc4 e6 7.Bb3 b5 8.Qe2 Be7
9.Be3 O-O 10.O-O-O b4 11.Na4 Bd7 12.e5 dxe5 13.Nf3 Qe8 14.Nb6 Bb5 15.Bc4 
Ra7 16.Nxe5 Nc6 17.f4 Nxe5 18.fxe5 Ne4 19.Qf3 Qc6 20.Rd4 Bc5 21.Rxe4 Qxb6 
22.Bd3 Bxd3 23.cxd3 Rd7 24.Kb1 Bxe3 25.Qxe3 Qb5 26.Rd4 Rc7 27.b3 Rc5 28.
Re1 a5 29.Rc4 Rd5 30.d4 a4 31.Rec1 h6 32.bxa4 Qxa4 33.Qb3 Qxb3+ 34.axb3 
Rfd8 35.Rxb4 Rxd4 36.Rxd4 Rxd4 37.Kb2 Re4 38.Ka3 Rxe5 39.b4 Kf8 40.Ka4 Ke8
41.Rc2 Kd8 42.b5 Re1 43.b6 Rb1 44.Ka5 e5 45.Ka6 Ra1+ 46.Kb5 Rb1+ 47.Ka6 
Ra1+ 48.Kb5 Rb1+ 1/2-1/2

[Event "38th World U20 ch"]
[Site "Yerevan ARM"]
[Date "1999.09.29"]
[Round "12.29"]
[White "Pinter, Erik"]
[Black "Brulic, Denis"]
[Result "1/2-1/2"]
[WhiteElo "2163"]
[BlackElo "2121"]
[EventDate "1999.09.18"]
[PlyCount "48"]

1.e4 c5 2.Nf3 Nc6 3.d4 cxd4 4.Nxd4 Nf6 5.Nc3 d6 6.Be3 Ng4 7.Bb5 Nxe3 8.
fxe3 Bd7 9.O-O e6 10.Bxc6 bxc6 11.e5 d5 12.Qf3 Qe7 13.b4 g6 14.b5 c5 15.e4
Bg7 16.exd5 O-O 17.Nc6 Bxc6 18.dxc6 Bxe5 19.a4 Qh4 20.Rfd1 Bxh2+ 21.Kf1 
Qc4+ 22.Qd3 Qf4+ 23.Qf3 Qc4+ 24.Qd3 Qf4+ 1/2-1/2

[Event "38th World U20 ch"]
[Site "Yerevan ARM"]
[Date "1999.09.29"]
[Round "12.30"]
[White "Bognar, Csaba"]
[Black "Kumin, Simon"]
[Result "1/2-1/2"]
[WhiteElo "2237"]
[BlackElo "2251"]
[EventDate "1999.09.18"]
[PlyCount "70"]

1.d4 Nf6 2.c4 c5 3.d5 b5 4.Nf3 g6 5.Qc2 bxc4 6.e4 d6 7.Nc3 Bg7 8.Be2 Bg4 
9.Nd2 Bxe2 10.Nxe2 O-O 11.Nxc4 Nbd7 12.O-O Nb6 13.Ne3 Qd7 14.h3 Qa4 15.Nc3
Qxc2 16.Nxc2 Nfd7 17.Bg5 Bxc3 18.bxc3 f6 19.Bf4 Nc4 20.f3 Rab8 21.Rfb1 a5 
22.Kf2 a4 23.Ke2 f5 24.Bh6 Rfe8 25.Ne3 Nxe3 26.Bxe3 fxe4 27.fxe4 Ne5 28.
Bf4 Nc4 29.Rxb8 Rxb8 30.Kd3 Rf8 31.Bg3 Nb2+ 32.Kc2 Nc4 33.Kd3 Nb2+ 34.Kc2 
Nc4 35.Kd3 Nb2+ 1/2-1/2

[Event "38th World U20 ch"]
[Site "Yerevan ARM"]
[Date "1999.09.29"]
[Round "12.31"]
[White "Guid, Matej"]
[Black "Aranha Filho, Alvaro Zimmermann"]
[Result "1-0"]
[WhiteElo "2185"]
[BlackElo "2236"]
[EventDate "1999.09.18"]
[PlyCount "76"]

1.e4 Nf6 2.e5 Nd5 3.d4 d6 4.c4 Nb6 5.exd6 exd6 6.Bd3 Be7 7.h3 Nc6 8.Nf3 
Nb4 9.d5 O-O 10.O-O Re8 11.Be3 Bf6 12.Bd4 Bxd4 13.Nxd4 Nxd3 14.Qxd3 Nd7 
15.Nc3 Ne5 16.Qe2 Ng6 17.Qd2 Qh4 18.f4 Bd7 19.f5 Ne5 20.b3 Qg3 21.Rad1 
Rad8 22.Ne4 Qh4 23.Rf4 Qh5 24.Qe1 Ng6 25.fxg6 f5 26.gxh7+ Kh8 27.Rh4 Qf7 
28.Qf2 Qe7 29.Nc3 g5 30.Rh5 Qf6 31.h4 gxh4 32.Nce2 Re5 33.Nf4 Rde8 34.Nde6
c6 35.Rg5 Kxh7 36.Rg7+ Qxg7 37.Nxg7 Kxg7 38.Nh5+ Kg6 1-0

[Event "38th World U20 ch"]
[Site "Yerevan ARM"]
[Date "1999.09.29"]
[Round "12.32"]
[White "Fantin, Ludwig"]
[Black "Korstin, Maris"]
[Result "0-1"]
[WhiteElo "2184"]
[BlackElo "2201"]
[EventDate "1999.09.18"]
[PlyCount "68"]

1.e4 c5 2.Nf3 Nc6 3.d4 cxd4 4.Nxd4 Qc7 5.Nb5 Qb8 6.c4 a6 7.N5c3 e6 8.Be3 
Nf6 9.Be2 Be7 10.O-O O-O 11.Na4 Qe5 12.Nbc3 Nxe4 13.Nxe4 Qxe4 14.Bd3 Qe5 
15.Qc2 f5 16.a3 b5 17.Nb6 Rb8 18.Rae1 Qc7 19.c5 Bb7 20.b4 Rbe8 21.Qd2 f4 
22.Nxd7 fxe3 23.Rxe3 Bg5 24.Nxf8 Rxf8 25.Bxh7+ Kxh7 26.Rh3+ Bh6 27.Qd3+ 
Rf5 28.f4 Kg8 29.g3 Ne7 30.Rf2 Qc6 31.Kf1 Qh1+ 32.Ke2 Bd5 33.Kd2 Be4 34.
Qc3 Rd5+ 0-1